000 01743nam0a22003371 4500
001 rc\224004
005 20250621003325.0
010 _a5-450-00693-4
_98000
035 _a(NLR Aleph) 005477810
090 _a5100334
_c5100334
100 _a20030307d1990 |||y0rusy50 ca
101 0 _arus
102 _aRU
105 _ay |||||||||
200 1 _aВысокое небо
_e[Сборник
_eПер. с эст.]
_fЮло Туулик
210 _aТаллин
_cЭэсти раамат
_d1990
215 _a141, [2] с.
_d20
327 1 _aСодерж.: Юхан Смуул, каким я его знал; Человек и ночь; Орел в каюте; С Томасом Манном в Любеке; Встречи со знаменитыми людьми; Высокое небо; Индейским летом в Америке
464 0 _12001#$aЮхан Смуул, каким я его знал
_tЮхан Смуул, каким я его знал
464 0 _12001#$aЧеловек и ночь
_tЧеловек и ночь
464 0 _12001#$aОрел в каюте
_tОрел в каюте
464 0 _12001#$aС Томасом Манном в Любеке
_tС Томасом Манном в Любеке
464 0 _12001#$aВстречи со знаменитыми людьми
_tВстречи со знаменитыми людьми
464 0 _12001#$aВысокое небо
_tВысокое небо
464 0 _12001#$aИндейским летом в Америке
_tИндейским летом в Америке
700 1 _aТуулик
_bЮ.К.
_f1940-
_gЮло Каарелович
801 0 _aRU
_bNLR
_gpsbo
801 1 _aRU
_bELAR
_2rusmarc
852 _aNLR
_j90-3/12064
942 _cBOOK
980 _aNB